000 00628cam a22002291 4500
001 he 68001406
003 DLC
005 20260227111458.0
008 840306s1964 is 000 0 heb
010 _ahe 68001406
035 _a(OCoLC)19139519
040 _aDLC
_cMH
_dDLC
042 _apremarc
050 0 0 _aPN4057
_b.N4
100 1 _aNedava, Joseph.
245 1 0 _aNoʼamim mefursamim ba-hisṭoryah.
260 _aTel Aviv :
_bM. Mizraḥi,
_c[1964]
300 _a330 p. :
_bill., facsim., ports. ;
_c25 cm.
500 _aAdded t.p.: Famous orators in history.
610 2 0 _aOratorians.
752 _aIsrael
_dTel Aviv
999 _c33288
_d33288